000 00702nam a2200253Ia 4500
003 OSt
005 20220926000703.0
006 a|||||r|||| 00| 0
007 ta
008 220923b |||||||| |||| 00| 0 eng d
020 _a8173870268
037 _cGeneral Book
040 _aRTL
_cRTL
_beng
041 _2eng
_aeng
082 _aX9(J).247W.N9, N5
100 _aJina Prem Singh
_938964
245 0 _aHigh Pasture lands of Ladakh Himalaya
260 _a New Delhi
_bIndus India
_c1995
300 _a142p.
_ccm.
500 _aBibliography P 133-38
650 _aPunjab
_9243311
942 _hX9(J).247W.N9, N5
_cGB
_2CC
999 _c599453
_d599453